ბათუმის შოთა რუსთაველის სახელმწიფო უნივერსიტეტის ბიბლიოთეკა

NATIONAL MUSEUM / (ბიბ.ჩანაწერი № 60567)

000 -LEADER
fixed length control field 00537nam a2200193 a 4500
001 - CONTROL NUMBER
control field 920148
005 - DATE AND TIME OF LATEST TRANSACTION
control field 20230906163914.0
008 - FIXED-LENGTH DATA ELEMENTS--GENERAL INFORMATION
fixed length control field 830106s1980 gw fa cb 000 0 ger
010 ## - LIBRARY OF CONGRESS CONTROL NUMBER
LC control number 82124255
020 ## - INTERNATIONAL STANDARD BOOK NUMBER
International Standard Book Number 9789602130254
041 ## - LANGUAGE CODE
Language code of text/sound track or separate title ger
080 ## - UNIVERSAL DECIMAL CLASSIFICATION NUMBER
Universal Decimal Classification number 069 A-55
100 ## - MAIN ENTRY--PERSONAL NAME
Personal name Andronicos, Manolis
9 (RLIN) 19778
245 ## - TITLE STATEMENT
Title NATIONAL MUSEUM /
Statement of responsibility, etc. Manolis, Andronicos.
264 ## - PRODUCTION, PUBLICATION, DISTRIBUTION, MANUFACTURE, AND COPYRIGHT NOTICE
Place of production, publication, distribution, manufacture Athen:
Name of producer, publisher, distributor, manufacturer Ekdotike Athenon,
Date of production, publication, distribution, manufacture, or copyright notice 1980.
300 ## - PHYSICAL DESCRIPTION
Extent 99 p. :
Other physical details ill. ;
Dimensions 24 cm.
653 ## - INDEX TERM--UNCONTROLLED
keyword ᲔᲠᲝᲕᲜᲣᲚᲘ ᲛᲣᲖᲔᲣᲛᲘ
942 ## - ADDED ENTRY ELEMENTS (KOHA)
Source of classification or shelving scheme
Koha item type წიგნი
ეგზემპლარები
Withdrawn status Lost status Source of classification or shelving scheme Damaged status Not for loan Permanent Location Current Location Shelving location Date acquired Cost, normal purchase price Full call number Barcode Date last seen Copy number Uniform Resource Identifier Price effective from Koha item type Public note
          ბათუმის შოთა რუსთაველის სახელმწიფო უნივერსიტეტის მთავარი ბიბლიოთეკა ბათუმის შოთა რუსთაველის სახელმწიფო უნივერსიტეტის მთავარი ბიბლიოთეკა წიგნსაცავი 2023-09-06 7.00 069 A-55 65182 2023-09-06 65182 ბსუ-ს საპატიო დოქტორის გურამ ლორთქიფანიძის საჩუქარი 2023-09-06 წიგნი 7 ლ.